Rozhodujúce oblasti v e-learningovej výučbe tovaroznalectva
Štúdium tovaroznalectva poskytuje získanie základných poznatkov o tovaroch nachádzajúcich sa v ponuke na trhu. Požiadavky, ktoré musia spĺňať všetky produkty - tovary uvádzané na trh.
Gespeichert in:
| 1. Verfasser: | |
|---|---|
| Format: | Buchkapitel |
| Sprache: | Slowakisch |
| Schlagworte: | |
| Tags: |
Keine Tags, Fügen Sie das erste Tag hinzu!
|
MARC
| LEADER | 00000nla a2200000 4500 | ||
|---|---|---|---|
| 001 | 0163796 | ||
| 005 | 20240530102552.7 | ||
| 041 | 0 | |a slo | |
| 044 | |a SK | ||
| 245 | 1 | 0 | |a Rozhodujúce oblasti v e-learningovej výučbe tovaroznalectva |c Jozef Mlákay |
| 520 | |a Štúdium tovaroznalectva poskytuje získanie základných poznatkov o tovaroch nachádzajúcich sa v ponuke na trhu. Požiadavky, ktoré musia spĺňať všetky produkty - tovary uvádzané na trh. | ||
| 610 | 2 | 0 | |a vzdelávanie vysokoškolské |
| 610 | 2 | 0 | |a vzdelávanie elektronické |
| 610 | 2 | 0 | |a programy študijné |
| 610 | 2 | 0 | |a predmety učebné |
| 610 | 2 | 0 | |a vedomosti |
| 610 | 2 | 0 | |a tovaroznalectvo |
| 100 | 1 | |a Mlákay, Jozef | |